Online Catalogue and eLibrary

Ethical dilemmas of development in Asia (Record no. 2572)

MARC details
000 -LEADER
fixed length control field 00422nam a2200169Ia 4500
005 - DATE AND TIME OF LATEST TRANSACTION
control field 20240403082716.0
008 - FIXED-LENGTH DATA ELEMENTS--GENERAL INFORMATION
fixed length control field 240331s9999 xx 000 0 und d
020 ## - INTERNATIONAL STANDARD BOOK NUMBER
ISBN 0669051470
082 ## - DDC Classification
Item Number - Author Mark ETH
Class No. 330.95
245 #0 - TITLE STATEMENT
Title Ethical dilemmas of development in Asia
260 ## - PUBLICATION, DISTRIBUTION, ETC.
Place of publication, distribution, etc. Canada :
Name of publisher, distributor, etc. Heath and Company /
Date of publication, distribution, etc. 1983.
300 ## - PHYSICAL DESCRIPTION
Extent (e.g. Volumes, Pages etc.) viii, 275 p .,
650 ## - SUBJECT ADDED ENTRY--TOPICAL TERM
Topical term or geographic name entry element Social
650 ## - SUBJECT ADDED ENTRY--TOPICAL TERM
Topical term or geographic name entry element Economic
650 ## - SUBJECT ADDED ENTRY--TOPICAL TERM
Topical term or geographic name entry element Political
942 ## - Koha item type (Biblio)
Koha item type Books in Stacks (Lending)
Holdings
Lost status Damaged status Collection code Home library Current library Shelving location Date acquired Full call number Accession Number Item type
    Lending WERC Library WERC Library Social Science Cupboard 03/31/2024 330.95 ETH 297 Books in Stacks (Lending)

© WERC Library